50 AMAZING HOMES IN INDIA (Record no. 1161792)

MARC details
000 -LEADER
fixed length control field 00335nam a2200121Ia 4500
008 - FIXED-LENGTH DATA ELEMENTS--GENERAL INFORMATION
fixed length control field 240521s2018 xx 000 0 und d
020 ## - INTERNATIONAL STANDARD BOOK NUMBER
International Standard Book Number 978-81-931741-0-4
041 ## - LANGUAGE CODE
Language code of text/sound track or separate title eng
100 ## - MAIN ENTRY--PERSONAL NAME
Personal name BENNINGER CHRISTOPHER CHARLES
245 ## - TITLE STATEMENT
Title 50 AMAZING HOMES IN INDIA
260 ## - PUBLICATION, DISTRIBUTION, ETC.
Name of publisher, distributor, etc. MEDIA PROMOTERS AND PUBLISHERS PVT LTD
Date of publication, distribution, etc. 2018
300 ## - PHYSICAL DESCRIPTION
Extent 461

No items available.